| 000 | 00853nam a22003137a 4500 | ||
|---|---|---|---|
| 005 | 20260130140839.0 | ||
| 008 | 260130b2022 |||||||| |||| 00| 0 spa d | ||
| 020 | _a9788449333767 | ||
| 041 | _aESP | ||
| 082 | _a158.1 C348e5 | ||
| 100 | _aCastellanos, Luis | ||
| 245 | _aEducar en lenguaje positivo. El poder de las palabras habitadas | ||
| 250 | _a5 edición | ||
| 260 | _aEspaña | ||
| 260 | _bPlaneta | ||
| 260 | _c2022 | ||
| 300 | _a275 páginas | ||
| 300 | _bIlustraciones a blanco y negro | ||
| 490 | _aTemática General | ||
| 650 | _aSUPERACIÓN PERSONAL | ||
| 650 | _aPODER DE LAS PALABRAS | ||
| 650 | _aEDUCACIÓN | ||
| 650 | _aLENGUAJE POSITIVO | ||
| 650 | _aMÉTODO PALABRAS HABITADAS | ||
| 650 | _aRELATOS DE MOTIVACIÓN | ||
| 650 | _aPLAN DE ACCIÓN | ||
| 650 | _aCOMPROBACIÓN DEL LENGUAJE | ||
| 942 |
_2ddc _cBK |
||
| 999 |
_c13887 _d13887 |
||